00678nam a2200217Ia 450000500170000000800410001702000240005804000190008204100120010108200130011310000150012624500820014126000440022330000190026765000190028665100210030585000100032694200070033699900170034395201000036020240409092219.0131103s9999 xx 000 0 und d a195602056cRs.38.50 aLoreto College aEnglish a428bHOW aHowe, D.H. aGuided english for india book 2b a course for secondary schools cD.H. Howe aCalcuttabOxford university pressc1995 ax,186p.b pic. aEnglish reader aEnglish language aLCBED cBK c30090d80569 00102ddc4070aMAINbMAINd2013-11-04l0o428 HOW 12893pB32937r2013-11-04w2013-11-04yBKf